000 00446nam a2200181Ia 4500
001 4660
005 20260306145812.0
008 260306t2012||||xx |||||||||||||| ||spa||
041 _aESP
082 _a330
_bD47
100 _aDejuán Asenjo, Óscar
_eAUT
245 0 _aEconomía:
_bfundamentos y claves de interpretación
260 _c2012
300 _a430 páginas :
_c24 cm.
650 _aGEN
654 _aCAN
942 _cLIB
_dJUS
_fJUS
_2ddc
_n
999 _c4660
_d4660